Govt. of
Madhya Pradesh

The Statesman's YearB̜ook (Record no. 38555)

MARC details
000 -LEADER
fixed length control field 005110000a22001690004500
003 - CONTROL NUMBER IDENTIFIER
control field MACL
005 - DATE AND TIME OF LATEST TRANSACTION
control field 20151227153243.0
008 - FIXED-LENGTH DATA ELEMENTS--GENERAL INFORMATION
fixed length control field 151227b xxu||||| |||| 00| 0 eng d
040 ## - CATALOGING SOURCE
Original cataloging agency MACL
Transcribing agency MACL
041 ## - LANGUAGE CODE
Language code of text/sound track or separate title English
082 ## - DEWEY DECIMAL CLASSIFICATION NUMBER
Classification number 050/KEL
100 ## - MAIN ENTRY--PERSONAL NAME
Personal name Keltie, J. Scott
9 (RLIN) 23443
245 ## - TITLE STATEMENT
Title The Statesman's YearB̜ook
Remainder of title Statistical and Historical Annual of The States of the World for the Year
260 ## - PUBLICATION, DISTRIBUTION, ETC. (IMPRINT)
Name of publisher, distributor, etc. Macmillan and Co. Limited
Date of publication, distribution, etc. 1915
650 ## - SUBJECT ADDED ENTRY--TOPICAL TERM
Topical term or geographic name as entry element Searial Publication
9 (RLIN) 23444
942 ## - ADDED ENTRY ELEMENTS (KOHA)
Koha item type Books
Call number prefix 050/KEL
Source of classification or shelving scheme
Holdings
Withdrawn status Lost status Source of classification or shelving scheme Damaged status Not for loan Home library Current library Date acquired Total Checkouts Full call number Barcode Date last seen Uniform Resource Identifier Price effective from Koha item type
          MACL MACL 15/04/2015   050/KEL CLE003515 29/04/2015 38778 15/04/2015 Books